| 000 | 01104nas a2200373 4500 | ||
|---|---|---|---|
| 001 | BR2012008550 | ||
| 003 | BR-BrBNA | ||
| 005 | 20231205121510.0 | ||
| 007 | ta | ||
| 008 | 230509b bl.|||p| |||| 00| 00por d | ||
| 040 |
_aBR-BrBNA _bpor _cBiblioteca Nacional de Agricultura |
||
| 041 | _a(Pt) | ||
| 072 | _aF30 | ||
| 100 | 1 | _aBertan, I. | |
| 100 | 1 | _aCarvalho, F.I.F. de | |
| 100 | 1 | _aOliveira, A.C. | |
| 100 | 1 | _aOliveira, P.H. de | |
| 100 | 1 | _aSilva, J.A.G. da | |
| 100 | 1 | _aBenin, G. | |
| 100 | 1 | _aSilva, G.O. da | |
| 100 | 1 | _aHartwig, I. | |
| 100 | 1 | _aPadilha, E.B. | |
| 245 | 1 | _aCaracteres associados a tolerância ao alumínio tóxico em genótipos de trigos sul brasileiros | |
| 650 | _aTRIGO | ||
| 650 | _aGENÓTIPO | ||
| 650 | _aALUMÍNIO | ||
| 650 | _aRESISTÊNCIA A PRODUTOS QUÍMICOS | ||
| 650 | _aVARIAÇÃO GENÉTICA | ||
| 650 | _aHIDROPONIA | ||
| 650 | _aSUL | ||
| 773 | 0 |
_tRevista Brasileira de Agrociência (Brazil) _xISSN 0104-8996 _g(Apr-Jun 2005), v. 11(2) p. 149-154 _wBR2012008550 |
|
| 909 |
_a202311 _bLúcia _c55 _dLúcia Elande |
||
| 942 |
_2AGRIS _n0 _cANA |
||
| 999 |
_c223849 _d223849 |
||